Les meilleurs buteurs de l'histoire du SV Werder Brême - Statistiques

Statistiques générales
  • Ce quiz a été pris 7 fois
  • Le résultat moyen est 2 sur 10
Statistiques - réponses
Buts Nationalité Joueur % Correct
153 Pérou Claudio Pizarro
100%
106 Brésil Aílton
14%
141 Allemagne Frank Neubarth
14%
134 Allemagne Marco Bode
14%
119 Allemagne Rudi Völler
14%
200 Allemagne Arnold Schütz
0%
138 Allemagne Karl-Heinz Preuße
0%
113 Allemagne Norbert Meier
0%
118 Allemagne Uwe Reinders
0%
146 Allemagne Willi Schröder
0%
Aucun quiz correspondant
Distribution des résultats
% des personnes avec chaque résultat
Percentile par nombre de réponses
Votre historique - résultats
Vous n’avez pas pris ce quiz